[Event "Pontevedra op 7th"]
[Site "Pontevedra"]
[Date "2019.08.12"]
[Round "6"]
[White "Bouza Santiso, Roque"]
[Black "Plaza Reino, Mercedes"]
[Result "1-0"]
[WhiteElo "1775"]
[BlackElo "1855"]
[PlyCount "105"]
[EventDate "2019.08.08"]
[EventType "swiss"]
[EventRounds "9"]
[EventCountry "ESP"]
[SourceTitle "EXT 2020"]
[Source "ChessBase"]
[SourceDate "2019.10.17"]
[SourceVersion "1"]
[SourceVersionDate "2019.10.17"]
[SourceQuality "1"]

1. e4 c5 2. Nf3 e6 3. d4 cxd4 4. Nxd4 a6 5. Nc3 Qc7 6. Bd3 Nf6 7. 0-0 Be7 8. Kh1 d6 9. f4 Nbd7 10. Qe2 b5 11. Bd2 Bb7 12. b4 0-0 13. a4 bxa4 14. Rxa4 Nb6 15. Raa1 Rfc8 16. Bxa6 Nc4 17. Ndb5 Qb6 18. Bxb7 Qxb7 19. Rxa8 Qxa8 20. Be1 d5 21. exd5 Nxd5 22. Nxd5 Qxd5 23. Nc3 Qf5 24. Ne4 Qb5 25. c3 Qc6 26. Bf2 Rd8 27. Bd4 h6 28. Qf3 Qb5 29. Re1 Rxd4 30. cxd4 Qxb4 31. Qc3 Qb5 32. Rc1 Nb6 33. Qc6 Qb2 34. Qc3 Qb5 35. Nd2 Qe2 36. Nf3 g6 37. Qc6 Qb2 38. Qc2 Qa3 39. Rb1 Qa6 40. Qc6 Bb4 41. Rxb4 Qf1+ 42. Ng1 Nd5 43. Rb8+ Kg7 44. Qc2 Nxf4 45. Rb1 Qa6 46. Nf3 Qa8 47. Qb2 Nd3 48. Qe2 Qa3 49. Rd1 Nb2 50. Qe5+ Kh7 51. Rf1 Qd3 52. Ng5+ Kg8 53. Qb8+ 1-0

[Event "Pontevedra op 7th"]
[Site "Pontevedra"]
[Date "2019.08.12"]
[Round "7"]
[White "Meira Iglesias, Alejandro"]
[Black "Plaza Reino, Mercedes"]
[Result "1-0"]
[WhiteElo "1709"]
[BlackElo "1855"]
[PlyCount "83"]
[EventDate "2019.08.08"]
[EventType "swiss"]
[EventRounds "9"]
[EventCountry "ESP"]
[SourceTitle "EXT 2020"]
[Source "ChessBase"]
[SourceDate "2019.10.17"]
[SourceVersion "1"]
[SourceVersionDate "2019.10.17"]
[SourceQuality "1"]

1. d4 d5 2. c4 e6 3. g3 Nf6 4. Bg2 Be7 5. Nf3 0-0 6. 0-0 dxc4 7. Nc3 c5 8. dxc5 Bxc5 9. Qxd8 Rxd8 10. Ne5 Nc6 11. Nxc6 bxc6 12. Bxc6 Rb8 13. Bf4 Rxb2 14. Na4 Ba3 15. Nxb2 Bxb2 16. Rad1 Rxd1 17. Rxd1 g5 18. Bc1 Bxc1 19. Rxc1 Ba6 20. e4 Ng4 21. a4 Ne5 22. Bb5 Bb7 23. h3 Bxe4 24. Bxc4 Nf3+ 25. Kf1 Bf5 26. g4 Bg6 27. Rd1 Ne5 28. Bb5 h5 29. Rd8+ Kg7 30. gxh5 Be4 31. a5 Kh6 32. a6 Kxh5 33. Rc8 Bf5 34. Kg2 Nd3 35. Kg3 Nf4 36. Rc7 Kg6 37. Rxa7 Bxh3 38. Bc6 Bf1 39. Be8 Nh5+ 40. Kh2 Kf6 41. Rxf7+ Ke5 42. a7 1-0

[Event "Vellmar op 11th"]
[Site "Vellmar"]
[Date "2019.07.07"]
[Round "6"]
[White "Plaza Reino, Mercedes"]
[Black "Maar, Samuel"]
[Result "0-1"]
[WhiteElo "1897"]
[BlackElo "1998"]
[PlyCount "82"]
[EventDate "2019.07.04"]
[EventType "swiss"]
[EventRounds "7"]
[EventCountry "GER"]
[SourceTitle "CBM 191 Extra"]
[Source "ChessBase"]
[SourceDate "2019.09.30"]
[SourceVersion "1"]
[SourceVersionDate "2019.09.30"]
[SourceQuality "1"]

1. d4 Nf6 2. c4 g6 3. Nc3 Bg7 4. g3 0-0 5. Bg2 d6 6. Nf3 Nc6 7. 0-0 Bf5 8. d5 Nb8 9. Nd4 Bd7 10. e4 c6 11. Re1 Ng4 12. Nc2 Qb6 13. Qe2 f5 14. h3 Ne5 15. Be3 c5 16. Rab1 fxe4 17. Nxe4 Qc7 18. Bg5 Bf5 19. g4 h6 20. gxf5 gxf5 21. Qh5 Qd7 22. Bxh6 Bxh6 23. Qxh6 fxe4 24. Bxe4 Rf6 25. Bh7+ Kf7 26. Qh5+ Kf8 27. Re3 Qe8 28. Qg5 Qf7 29. Be4 Nxc4 30. Rg3 Nd7 31. Qh4 Ke8 32. Qh8+ Nf8 33. Kh1 Kd7 34. Rbg1 Rxf2 35. Rg7 Qf4 36. Bg2 Re8 37. Ne1 Ne5 38. Qh5 Kd8 39. Rg5 Nfd7 40. b3 Nf6 41. Qh6 Nf7 0-1

[Event "Dublin Irish op"]
[Site "Dublin"]
[Date "2019.04.20"]
[Round "5"]
[White "Murray, David"]
[Black "Plaza Reino, Mercedes"]
[Result "1-0"]
[WhiteElo "2152"]
[BlackElo "1927"]
[PlyCount "87"]
[EventDate "2019.04.17"]
[EventType "swiss"]
[EventRounds "9"]
[EventCountry "IRL"]
[SourceTitle "CBM 189 Extra"]
[Source "ChessBase"]
[SourceDate "2019.06.03"]
[SourceVersion "1"]
[SourceVersionDate "2019.06.03"]
[SourceQuality "1"]

1. e4 c5 2. Nf3 e6 3. d4 cxd4 4. Nxd4 a6 5. Nc3 Qc7 6. Bd3 Nf6 7. 0-0 b5 8. Re1 d6 9. a4 b4 10. Na2 d5 11. exd5 Nxd5 12. Be4 Be7 13. Bxd5 exd5 14. Nxb4 Qc5 15. c3 0-0 16. Nxd5 Qxd5 17. Rxe7 Nc6 18. Rc7 Re8 19. Be3 Ne5 20. Nc6 Qe6 21. Nxe5 Qxe5 22. Rc5 Qe7 23. Qf3 Bb7 24. Qg3 Qe4 25. Rg5 g6 26. h4 Rad8 27. Bd4 Re6 28. Rg4 Qd5 29. Qf4 Rde8 30. Qh6 Re1+ 31. Rxe1 Rxe1+ 32. Kh2 Qd6+ 33. Rg3 f6 34. h5 Be4 35. Qd2 Rb1 36. Qe2 Qd5 37. hxg6 hxg6 38. b4 Qc6 39. Qe3 Kg7 40. Qf4 Re1 41. Rh3 Qe6 42. Qc7+ Kg8 43. Qd8+ Kg7 44. Qh8+ 1-0

[Event "Olympiad Women-43"]
[Site "Batumi"]
[Date "2018.10.02"]
[Round "8.2"]
[White "Plaza Reino, Mercedes"]
[Black "Jorquera Cabello, Valentina Paz"]
[Result "0-1"]
[WhiteElo "1727"]
[BlackElo "2031"]
[PlyCount "78"]
[EventDate "2018.09.24"]
[EventType "team-swiss"]
[EventRounds "11"]
[EventCountry "GEO"]
[SourceTitle "EXT 2020"]
[Source "ChessBase"]
[SourceDate "2019.10.17"]
[SourceVersion "1"]
[SourceVersionDate "2019.10.17"]
[SourceQuality "1"]
[WhiteTeam "Ireland (W)"]
[BlackTeam "Chile (W)"]
[WhiteTeamCountry "IRL"]
[BlackTeamCountry "CHI"]

1. d4 Nf6 2. c4 g6 3. Nc3 Bg7 4. g3 0-0 5. Bg2 d6 6. Nf3 Nc6 7. 0-0 a6 8. d5 Na5 9. Qd3 c5 10. dxc6 Nxc6 11. e4 Bg4 12. Nd2 Rc8 13. h3 Bd7 14. Rb1 Ne5 15. Qe2 Qc7 16. b3 b5 17. f4 Nc6 18. Bb2 e6 19. Qf2 Ng4 20. Qe2 Qa7+ 21. Kh1 Ne3 22. Rfc1 Nxg2 23. Kxg2 b4 24. Nd1 Nd4 25. Qf2 Bc6 26. Kh2 f5 27. Qe3 e5 28. Bxd4 exd4 29. Qd3 fxe4 30. Nxe4 Bxe4 31. Qxe4 Rfe8 32. Qd3 Re7 33. Rc2 Rce8 34. Rg2 Qb7 35. Nf2 Re3 36. Qd1 Re2 37. Qf1 Qf3 38. Ng4 Rxg2+ 39. Qxg2 Re2 0-1

[Event "Olympiad Women-43"]
[Site "Batumi"]
[Date "2018.09.25"]
[Round "2.60"]
[White "Plaza Reino, Mercedes"]
[Black "Dlamini, Temahlubi Queen"]
[Result "1-0"]
[WhiteElo "1727"]
[BlackElo "1362"]
[PlyCount "53"]
[EventDate "2018.09.24"]
[EventType "team-swiss"]
[EventRounds "11"]
[EventCountry "GEO"]
[SourceTitle "EXT 2020"]
[Source "ChessBase"]
[SourceDate "2019.10.17"]
[SourceVersion "1"]
[SourceVersionDate "2019.10.17"]
[SourceQuality "1"]
[WhiteTeam "Ireland (W)"]
[BlackTeam "Swaziland (W)"]
[WhiteTeamCountry "IRL"]
[BlackTeamCountry "SWA"]

1. Nf3 e6 2. g3 d5 3. Bg2 h6 4. 0-0 Bd6 5. d4 Nf6 6. c4 b6 7. Nc3 c6 8. b3 Bb7 9. Qc2 Nbd7 10. Bb2 Qc7 11. Rac1 0-0 12. cxd5 exd5 13. Nb5 Qb8 14. Nxd6 Qxd6 15. Nh4 Nh7 16. Nf5 Qe6 17. Ba3 c5 18. b4 Rfc8 19. bxc5 bxc5 20. dxc5 Ndf6 21. c6 Rc7 22. cxb7 Rxc2 23. bxa8Q+ Ne8 24. Ne7+ Kh8 25. Qxe8+ Nf8 26. Qxf8+ Kh7 27. Qg8# 1-0

[Event "Berlin Lichtenberger op 17th"]
[Site "Berlin"]
[Date "2018.08.25"]
[Round "8"]
[White "Kreuchauf, Olaf"]
[Black "Plaza Reino, Mercedes"]
[Result "0-1"]
[WhiteElo "1674"]
[BlackElo "1701"]
[PlyCount "70"]
[EventDate "2018.08.18"]
[EventType "swiss"]
[EventRounds "9"]
[EventCountry "GER"]
[SourceTitle "CBM 186 Extra"]
[Source "ChessBase"]
[SourceDate "2018.08.24"]
[SourceVersion "1"]
[SourceVersionDate "2018.08.24"]
[SourceQuality "1"]

1. c4 e5 2. g3 Nf6 3. Bg2 d5 4. cxd5 Nxd5 5. Nc3 Nb6 6. d3 Be7 7. a3 Nc6 8. b4 a5 9. b5 Nd4 10. e3 Ne6 11. Nge2 a4 12. d4 exd4 13. exd4 0-0 14. 0-0 Ra7 15. Be3 Re8 16. Qc2 g6 17. Rfd1 Bd7 18. Rdc1 Nc4 19. Nd5 Nxe3 20. Nxe7+ Qxe7 21. fxe3 Bxb5 22. Nc3 Bd7 23. Nd5 Qg5 24. Rf1 f5 25. h4 Qd8 26. Nb4 Bb5 27. Rfe1 Qd6 28. Qf2 Bc4 29. Rac1 b5 30. Rc3 c5 31. Nc6 Rc7 32. dxc5 Nxc5 33. Nd4 Nd3 34. Qd2 Nxe1 35. Qxe1 Qxd4 0-1

[Event "Berlin Lichtenberger op 16th"]
[Site "Berlin"]
[Date "2017.08.24"]
[Round "6"]
[White "Ho, Ngoc Hai Dang"]
[Black "Plaza Reino, Mercedes"]
[Result "0-1"]
[WhiteElo "1499"]
[BlackElo "1824"]
[PlyCount "48"]
[EventDate "2017.08.19"]
[EventType "swiss"]
[EventRounds "9"]
[EventCountry "GER"]
[SourceTitle "CBM 180 Extra"]
[Source "ChessBase"]
[SourceDate "2017.10.06"]
[SourceVersion "1"]
[SourceVersionDate "2017.10.06"]
[SourceQuality "1"]

1. e4 c5 2. Nf3 e6 3. d4 cxd4 4. Nxd4 a6 5. Nc3 Qc7 6. Be3 Bb4 7. Qd3 Nf6 8. f3 d5 9. Bd2 dxe4 10. Nxe4 Bxd2+ 11. Kxd2 Nd5 12. g3 Nd7 13. Qc4 Qa5+ 14. c3 0-0 15. Qb3 b5 16. Bg2 Ne5 17. Bf1 Bb7 18. Be2 Rfd8 19. a4 b4 20. c4 Nb6 21. Ke3 Rac8 22. Rhc1 Bxe4 23. fxe4 Qc5 24. Rd1 Nc6 0-1

[Event "BCF-chT3N 1617 (4NCL)"]
[Site "England"]
[Date "2016.11.27"]
[Round "2.46"]
[White "Plaza Reino, Mercedes"]
[Black "Braham, Peter"]
[Result "1-0"]
[WhiteElo "1771"]
[BlackElo "1717"]
[PlyCount "117"]
[EventDate "2016.11.26"]
[EventType "team-swiss"]
[EventRounds "11"]
[EventCountry "ENG"]
[SourceTitle "EXT 2019"]
[Source "ChessBase"]
[SourceDate "2018.10.10"]
[SourceVersion "1"]
[SourceVersionDate "2018.10.10"]
[SourceQuality "1"]
[WhiteTeam "Enniscorthy"]
[BlackTeam "Bradford DCA Knights III"]
[WhiteTeamCountry "IRL"]
[BlackTeamCountry "ENG"]

1. f4 d5 2. b3 Nf6 3. Bb2 c5 4. Nf3 Nc6 5. e3 a6 6. Be2 Bg4 7. 0-0 e6 8. Ne5 Bxe2 9. Qxe2 Be7 10. d3 0-0 11. Nd2 Nxe5 12. fxe5 Ne8 13. Qg4 g6 14. Rf3 Ng7 15. e4 h5 16. Qh3 g5 17. g4 h4 18. Kh1 b5 19. Qg2 Qc7 20. Rf2 Rad8 21. Raf1 Rd7 22. Nf3 dxe4 23. dxe4 Qd8 24. Bc1 Ne8 25. Rd2 Rxd2 26. Qxd2 Qc7 27. Bb2 f6 28. exf6 Bxf6 29. Nxg5 Qe7 30. Bxf6 Nxf6 31. Qe2 Kg7 32. Kg2 Kg6 33. Nh3 e5 34. Rf5 Qd6 35. Nf2 Re8 36. Qe3 Nh7 37. Nd3 c4 38. bxc4 bxc4 39. Nf2 Qd4 40. Qxd4 exd4 41. Rd5 d3 42. cxd3 Nf6 43. Rd6 cxd3 44. Rxd3 Nxe4 45. Re3 Nf6 46. Rxe8 Nxe8 47. Ne4 Nc7 48. Kh3 Nd5 49. Kxh4 a5 50. Kg3 a4 51. h4 Nb4 52. Nc3 a3 53. Kf3 Kf6 54. Ke4 Ke6 55. h5 Kf7 56. Kf5 Kg7 57. g5 Kh7 58. Kf6 Kg8 59. h6 1-0

[Event "BCF-chT3N 1617 (4NCL)"]
[Site "England"]
[Date "2016.11.26"]
[Round "1.46"]
[White "Hilton, Tim"]
[Black "Plaza Reino, Mercedes"]
[Result "1-0"]
[WhiteElo "1930"]
[BlackElo "1771"]
[PlyCount "53"]
[EventDate "2016.11.26"]
[EventType "team-swiss"]
[EventRounds "11"]
[EventCountry "ENG"]
[SourceTitle "EXT 2019"]
[Source "ChessBase"]
[SourceDate "2018.10.10"]
[SourceVersion "1"]
[SourceVersionDate "2018.10.10"]
[SourceQuality "1"]
[WhiteTeam "Manchester Manticores II"]
[BlackTeam "Enniscorthy"]
[WhiteTeamCountry "ENG"]
[BlackTeamCountry "IRL"]

1. c4 e5 2. g3 Nf6 3. Bg2 d5 4. cxd5 Nxd5 5. Nc3 Nb6 6. Nf3 Nc6 7. 0-0 Be6 8. d4 exd4 9. Nb5 d3 10. Bf4 Nd5 11. Qxd3 a6 12. Nbd4 Nxf4 13. gxf4 Bd5 14. e4 Nb4 15. Qe2 Bxa2 16. Rad1 Qc8 17. Ng5 c5 18. Nf5 Qc7 19. e5 h6 20. Nd6+ Ke7 21. e6 fxe6 22. Ngf7 Rg8 23. f5 Bb3 24. Rd2 g6 25. f6+ Kxf6 26. Qe5+ Ke7 27. Nf5+ 1-0

[Event "IRL-ch (Women)"]
[Site "Dublin"]
[Date "2016.10.16"]
[Round "3.3"]
[White "Plaza Reino, Mercedes"]
[Black "Manojlovic, Anastasija"]
[Result "1-0"]
[WhiteElo "1665"]
[BlackElo "1569"]
[PlyCount "63"]
[EventDate "2016.10.15"]
[EventType "swiss"]
[EventRounds "4"]
[EventCountry "IRL"]
[SourceTitle "EXT 2023"]
[Source "ChessBase"]
[SourceDate "2022.10.05"]
[SourceVersion "1"]
[SourceVersionDate "2022.10.05"]
[SourceQuality "1"]

1. f4 d6 2. Nf3 Nc6 3. d4 d5 4. e3 Nf6 5. c3 Bf5 6. Bd3 Bxd3 7. Qxd3 e6 8. Nbd2 Bd6 9. 0-0 0-0 10. Ne5 Ne7 11. e4 dxe4 12. Nxe4 Nxe4 13. Qxe4 Qc8 14. Kh1 c5 15. Be3 Nf5 16. Rad1 cxd4 17. Bxd4 Bxe5 18. Qxe5 Qc4 19. b3 Qa6 20. Rf2 Rfd8 21. Rfd2 Rd5 22. Bg1 Rxd2 23. Rxd2 Qc6 24. c4 a6 25. Qc5 Ne7 26. Qxc6 Nxc6 27. Bb6 Re8 28. Kg1 Re7 29. Kf2 e5 30. Ke3 exf4+ 31. Kxf4 Nb8 32. Rd8+ 1-0

[Event "Wch U14 Girls"]
[Site "Khanty-Mansiysk"]
[Date "2016.09.29"]
[Round "7"]
[White "Plaza Reino, Mercedes"]
[Black "Smbatyan, Qristine"]
[Result "0-1"]
[WhiteElo "1665"]
[BlackElo "1506"]
[PlyCount "120"]
[EventDate "2016.09.22"]
[EventType "swiss"]
[EventRounds "11"]
[EventCountry "RUS"]
[SourceTitle "EXT 2017"]
[Source "ChessBase"]
[SourceDate "2016.10.25"]
[SourceVersion "1"]
[SourceVersionDate "2016.10.25"]
[SourceQuality "1"]

1. c4 e5 2. Nc3 Nf6 3. g3 d5 4. cxd5 Nxd5 5. Bg2 Nb6 6. Nf3 Nc6 7. d3 Be7 8. 0-0 0-0 9. a3 Be6 10. b4 f6 11. Bb2 a5 12. b5 Nd4 13. Nd2 Nd5 14. Nxd5 Bxd5 15. Bxd5+ Qxd5 16. Bxd4 exd4 17. Qa4 Bc5 18. Rac1 Rfe8 19. Rfe1 Re7 20. Nb3 Bb6 21. Rc4 Rd7 22. Rec1 Re8 23. Re1 f5 24. Rc2 f4 25. Nd2 fxg3 26. fxg3 Rf7 27. Qc4 Qh5 28. Nf3 Kh8 29. Rcc1 Rfe7 30. Rc2 Re3 31. Rf1 h6 32. Qa2 Qxb5 33. Kg2 Qd7 34. Rf2 Qe7 35. Qd5 c6 36. Qb3 Ba7 37. Rb2 Bc5 38. Ra2 b5 39. Qc2 Qd6 40. Qb2 Qd5 41. Ra1 a4 42. Qc2 Bb6 43. Rb1 Ba5 44. Kg1 g5 45. Qd1 Bc3 46. Nd2 Bxd2 47. Qxd2 Qe6 48. Kf1 Qh3+ 49. Kg1 Qg4 50. Kf1 h5 51. Qc2 Qh3+ 52. Kg1 Qe6 53. Kf1 h4 54. Qc5 Rxe2 55. Qxd4+ Qe5 56. Rxe2 Rf8+ 57. Ke1 Qxd4 58. Kd2 Rf3 59. Re8+ Kg7 60. Re7+ Kf6 0-1

[Event "Wch U14 Girls"]
[Site "Khanty-Mansiysk"]
[Date "2016.09.24"]
[Round "3"]
[White "Plaza Reino, Mercedes"]
[Black "Vinokur, Yuliya"]
[Result "1/2-1/2"]
[WhiteElo "1665"]
[BlackElo "1956"]
[PlyCount "93"]
[EventDate "2016.09.22"]
[EventType "swiss"]
[EventRounds "11"]
[EventCountry "RUS"]
[SourceTitle "EXT 2017"]
[Source "ChessBase"]
[SourceDate "2016.10.25"]
[SourceVersion "1"]
[SourceVersionDate "2016.10.25"]
[SourceQuality "1"]

1. c4 b6 2. Nf3 Bb7 3. d4 e6 4. e3 f5 5. Bd3 Nf6 6. 0-0 Be7 7. Nc3 0-0 8. b3 Ne4 9. Bb2 Qe8 10. Nd2 Nxc3 11. Bxc3 d6 12. e4 f4 13. Qg4 Qf7 14. Rfe1 h5 15. Qe2 g5 16. f3 Nd7 17. e5 d5 18. cxd5 Bxd5 19. Ne4 Qg7 20. Rac1 g4 21. Kh1 Rf7 22. Rg1 g3 23. h3 Nf8 24. Bb2 c6 25. Nc3 Qg5 26. Nxd5 cxd5 27. Rc6 Re8 28. Rgc1 Bd8 29. Ba3 Ng6 30. Bxg6 Qxg6 31. Rc8 Rd7 32. Qc2 Qf7 33. Qc6 Bg5 34. Bd6 Rxc8 35. Qxc8+ Rd8 36. Qa6 Re8 37. Kg1 Qh7 38. Qe2 Bh6 39. Qc2 Qd7 40. Qc6 Qxc6 41. Rxc6 Bf8 42. Bxf8 Kxf8 43. Kf1 Rd8 44. Ke2 Ke7 45. Kd3 Kd7 46. Rd6+ Ke7 47. Rc6 1/2-1/2